Los fichajes más caros del fútbol - Defensas centrales - 2011-2012 - Estadísticas

Estadísticas generales
  • Esta prueba ha sido intentada 22 veces
  • La puntuación promedio es 5 de 11
Estadísticas de respuestas
Coste (M €) Nacionalidad Último club Nuevo club Jugador % Correcto
13,50 Alemania Manchester City Bayern Múnich Jérôme Boateng
89%
9,00 Francia Lens Real Madrid Raphaël Varane
89%
11,30 Alemania Werder Bremen Arsenal Per Mertesacker
79%
19,30 Inglaterra Blackburn Manchester United Phil Jones
74%
9,00 Colombia Udinese Villarreal CF Cristián Zapata
37%
12,00 Serbia Partizán Manchester City Stefan Savic
37%
12,00 Brasil Santos Oporto Danilo
26%
9,00 Bélgica Standard Lieja Benfica Axel Witsel
21%
11,00 Uruguay Nacional Liverpool Sebastián Coates
21%
13,00 República del Congo Blackburn Anzhi Christopher Samba
11%
9,00 Uruguay Bolonia Nápoles Miguel Britos
5%
No se encontraron pruebas coincidentes
Distribución de puntuación
Porcentaje de gente con cada puntuación
Porcentaje por número respondido
Historial de tus puntuaciones
No has intentado esta prueba.